000 00516nam a22001817a 4500
005 20170405115726.0
010 _aENG-117482
020 _a9789382632115
_c750.00
035 _aEN-101014
037 _bDBAD/PUB
082 _a791.31954
100 _aBeri, Seema
245 _aClassical dances of India /
_cby Seema Beri
260 _aAllahbad
_bAprajita Publication
_c2016
270 _a5, khusro Bagh Road
_bAllahbad
_e211001
300 _a318p.
_b24cm(Hb)
942 _2ddc
_cEN
_h791.31954
_mBER
999 _c138263
_d138263